000 00831 a2200205 4500
003 Nust
005 20220729115106.0
010 _a 2002029263
020 _a0130661023
040 _cNust
082 0 0 _a004.6,TAN
100 1 _aTanenbaum, Andrew S.,
_91413
245 1 0 _aComputer networks /
_cAndrew S. Tanenbaum.
250 _a4th ed.
260 _aUpper Saddle River, NJ :
_bPrentice Hall PTR,
_cc2003.
300 _axx, 891 p. :
_bill. ;
_c25 cm.
505 _aIntroduction (Page-1),The Physical Layer (Page-85),The Data Link Layer (Page-183),The Medium Access Control Sublayer (Page-247), The Network Layer (Page-343),The Transport Layer (Page-481),The Application Layer (Page-579),Network Security (Page-721),Reading List and Bibliography (Page-835).
650 0 _aComputer networks.
_93677
942 _2ddc
_cBK
_k004.6,TAN
999 _c179686
_d179686